the Upanishads : (Record no. 64309)

MARC details
000 -LEADER
fixed length control field 00602nam a22001577a 4500
005 - DATE AND TIME OF LATEST TRANSACTION
control field 20120323125710.0
020 ## - INTERNATIONAL STANDARD BOOK NUMBER
International Standard Book Number 817058003X
Terms of availability 00.00
035 ## - SYSTEM CONTROL NUMBER
System control number A-723399
037 ## - SOURCE OF ACQUISITION
Stock number DPL
Source of stock number/acquisition ENG
100 ## - MAIN ENTRY--PERSONAL NAME
Personal name Sri Aurobindo
245 ## - TITLE STATEMENT
Title the Upanishads :
Remainder of title Texts, translations and commentaries /
Statement of responsibility, etc by Sri Aurobindo
260 ## - PUBLICATION, DISTRIBUTION, ETC. (IMPRINT)
Place of publication, distribution, etc Pondicherry
Name of publisher, distributor, etc Sri Aurobindo Ashram
Date of publication, distribution, etc 1994
300 ## - PHYSICAL DESCRIPTION
Extent 466p.
Dimensions 20 cms.
942 ## - ADDED ENTRY ELEMENTS (KOHA)
Source of classification or shelving scheme Dewey Decimal Classification
Item type English Books
Classification part 220.24
Call number suffix UPA
Holdings
Withdrawn status Lost status Not for loan Collection code Home library Current library Date acquired Cost, normal purchase price Full call number Barcode Cost, replacement price Koha item type
      Non-fiction Sarojini Nagar Sarojini Nagar 23/03/2012 0.00 220.24 UPA A-723399 0.00 English Books

© Delhi Public Library
Hit Counter
free hit counter